| 000 | 00930nam0a22002411 4500 | ||
|---|---|---|---|
| 001 | rc\287122 | ||
| 005 | 20030307121012.4 | ||
| 035 | _a(NLR Aleph) 005518856 | ||
| 090 |
_a5486282 _c5486282 |
||
| 100 | _a20030307d1990 u |0rusy50 ca | ||
| 101 | 0 | _arus | |
| 102 | _aRU | ||
| 105 | _aa ||||||||| | ||
| 200 | 1 |
_aДатчики плотности и смещения на основе СВЧ-фазометра для АСУ газонапуском и положением плазменного шнура токомака "Туман-3" _fЕ.Р. Итс, С.В. Крикунов, Б.М. Липин и др. |
|
| 210 |
_aЛ. _cБ. и. _d1990 |
||
| 215 |
_a13 с. _cграф. _d21 |
||
| 225 | 1 |
_aПрепринт _fАН СССР. Физ.-техн. ин-т им. А.Ф. Иоффе _v1476 |
|
| 701 | 1 |
_aИтс _bЕ. Р. |
|
| 801 | 0 |
_aRU _bNLR _gpsbo |
|
| 801 | 1 |
_aRU _bELAR _2rusmarc |
|
| 852 |
_aNLR _j90-4/16974 |
||
| 942 | _cBOOK | ||
| 980 | _aNB | ||